Staffing organizations / (Record no. 182105)

MARC details
000 -LEADER
fixed length control field 00827nam a2200241 4500
001 - CONTROL NUMBER
control field vtls001965460
003 - CONTROL NUMBER IDENTIFIER
control field MY-SjTCS
005 - DATE AND TIME OF LATEST TRANSACTION
control field 20200226121406.0
008 - FIXED-LENGTH DATA ELEMENTS--GENERAL INFORMATION
fixed length control field 110218t2000 wiua 00 eng
020 ## - INTERNATIONAL STANDARD BOOK NUMBER
International Standard Book Number 0071183183
039 #9 - LEVEL OF BIBLIOGRAPHIC CONTROL AND CODING DETAIL [OBSOLETE]
Level of rules in bibliographic description 201909171147
Level of effort used to assign nonsubject heading access points ummi
Level of effort used to assign subject headings 201102181223
Level of effort used to assign classification VLOAD
-- 200407271918
-- VLOAD
082 04 - DEWEY DECIMAL CLASSIFICATION NUMBER
Classification number 658.311
Item number HEN
100 1# - MAIN ENTRY--PERSONAL NAME
Personal name Heneman, Herbert Gerhard,
Dates associated with a name 1944-
9 (RLIN) 11852
245 10 - TITLE STATEMENT
Title Staffing organizations /
Statement of responsibility, etc. Herbert G. Heneman III, Timothy A. Judge, Robert L. Heneman.
250 ## - EDITION STATEMENT
Edition statement [3rd ed.]
260 ## - PUBLICATION, DISTRIBUTION, ETC.
Place of publication, distribution, etc. Madison, WI :
Name of publisher, distributor, etc. Mendota House ;
Place of publication, distribution, etc. Boston:
Name of publisher, distributor, etc. Irwin/McGraw-Hill,
Date of publication, distribution, etc. c2000.
300 ## - PHYSICAL DESCRIPTION
Extent xiv, 722 p. :
Other physical details ill. ;
Dimensions 24 cm.
650 #0 - SUBJECT ADDED ENTRY--TOPICAL TERM
Topical term or geographic name entry element Employee selection.
9 (RLIN) 3740
650 #0 - SUBJECT ADDED ENTRY--TOPICAL TERM
Topical term or geographic name entry element Employees
General subdivision Recruiting.
9 (RLIN) 9119
700 1# - ADDED ENTRY--PERSONAL NAME
Personal name Heneman, Robert L.
9 (RLIN) 104710
700 1# - ADDED ENTRY--PERSONAL NAME
Personal name Judge, Tim.
9 (RLIN) 11853
920 ## - Programme
Programme TCHT : 1169
Holdings
Withdrawn status Lost status Source of classification or shelving scheme Damaged status Not for loan Home library Current library Date acquired Total Checkouts Barcode Date last seen Date last checked out Copy number Uniform Resource Identifier Koha item type Public note
    Dewey Decimal Classification     Taylor's Library-TU Taylor's Library-TU 27/07/2004 40 5000032292 12/12/2019 16/05/2013 1 Floor 4, Shelf 25 , Side 1, TierNo 2, BayNo 2 Main Collection SHTEx,70002,03,GR